Polarized light (Record no. 4821)

MARC details
000 -LEADER
fixed length control field 00665nam a2200217Ia 4500
003 - CONTROL NUMBER IDENTIFIER
control field IN-BaIIA
008 - FIXED-LENGTH DATA ELEMENTS--GENERAL INFORMATION
fixed length control field 211028s9999 xx 000 0 eng d
020 ## - INTERNATIONAL STANDARD BOOK NUMBER
International Standard Book Number 0-470-83997-X
040 ## - CATALOGING SOURCE
Transcribing agency IIA Library
080 ## - UNIVERSAL DECIMAL CLASSIFICATION NUMBER
Universal Decimal Classification number 535-4
Item number SWI
245 #0 - TITLE STATEMENT
Title Polarized light
Statement of responsibility, etc. edited by William Swindell
260 ## - PUBLICATION, DISTRIBUTION, ETC.
Place of publication, distribution, etc. Stroudsburg
Name of publisher, distributor, etc. Dowden, Huchinson and Ross
Date of publication, distribution, etc. 1975
300 ## - PHYSICAL DESCRIPTION
Extent xiii, 418p.
490 ## - SERIES STATEMENT
Series statement Benchmark Papers in Optics; v. 1/edited by Stanley S Ballard
650 ## - SUBJECT ADDED ENTRY--TOPICAL TERM
Topical term or geographic name entry element  Optical Activity
9 (RLIN) 8583
650 ## - SUBJECT ADDED ENTRY--TOPICAL TERM
Topical term or geographic name entry element  Optical Elasticity 
9 (RLIN) 8584
650 ## - SUBJECT ADDED ENTRY--TOPICAL TERM
Topical term or geographic name entry element  Polarized Light 
9 (RLIN) 8585
650 ## - SUBJECT ADDED ENTRY--TOPICAL TERM
Topical term or geographic name entry element NASA Thesaurus 
700 ## - ADDED ENTRY--PERSONAL NAME
Personal name Swindell, William., ed.
9 (RLIN) 8586
942 ## - ADDED ENTRY ELEMENTS (KOHA)
Koha item type Books
952 ## - LOCATION AND ITEM INFORMATION (KOHA)
-- 28.00
Holdings
Withdrawn status Lost status Damaged status Not for loan Home library Current library Shelving location Date acquired Total Checkouts Full call number Barcode Date last seen Price effective from Koha item type
        IIA Library-Bangalore IIA Library-Bangalore General Stacks 15/03/1976   535-4/ SWI 5396 05/11/2021 15/03/1976 Books

Powered by Koha